000 01313nam0a22002891 4500
001 rc\3187385
005 20260407134756.0
021 _aRU
_bРг14334-75
021 _aRU
_b75-ОЭ-355/5
035 _a(NLR Aleph) 007337691
090 _a6076001
_c6076001
100 _a20120628d1975 |||y0rusy50 ca
101 0 _arus
102 _aRU
105 _ay c |||||
200 1 _aВременные методические указания по проведению сличительного анализа документации на изделия, имеющие государственный знак качества и поставляемые на экспорт
_fМ-во строит., дор. и коммун. машиностроения. Техн. упр. ВНИИстройдормаш
210 _a[Москва]
_cБ. и.
_d1975
215 _a3 с.
_d30
300 _aВ конце текста сост.: А.Б. Вогау
309 _aБез тит. л. и обл.
702 1 _aВогау
_bА.Б.
_gАндрей Борисович
_4220
712 0 2 _aВНИИ строительного и дорожного машиностроения
_3RU\NLR\AUTH\8810002659
_9502542
801 0 _aRU
_bNLR
_gpsbo
801 1 _aRU
_bELAR
_2rusmarc
852 _aNLR
_j75-8/1019
942 _cBOOK
980 _aNB